| 000 | 00557nmm a2200169Ia 4500 | ||
|---|---|---|---|
| 008 | 251105s9999||||xx |||||||||||||||||und|| | ||
| 020 | _a8479081198 | ||
| 041 | _aspa | ||
| 100 | _aGil Olcina, A., Morales Gil, A., Campesino Fernández, A. J. | ||
| 245 | 0 | _aAlgunas cuestiones de ordenación del territorio | |
| 264 |
_a[Madrid, España] : _bPublicaciones de la Universidad de Alicante, _c1993 |
||
| 300 | _a144 páginas | ||
| 490 | _aGeografía | ||
| 650 | _aPhysical Geography | ||
| 856 | _uhttps://public.digitaliapublishing.com/a/549 | ||
| 942 | _cCF | ||
| 999 |
_c73488 _d73488 |
||